Nociones de fisiología (Record no. 41514)

MARC details
000 -CABECERA
campo de control de longitud fija 00661nam a2200229 a 4500
003 - IDENTIFICADOR DEL NÚMERO DE CONTROL
campo de control MX-MxUPN
005 - FECHA Y HORA DE LA ÚLTIMA TRANSACCIÓN
campo de control 20240611095238.0
008 - ELEMENTOS DE LONGITUD FIJA--INFORMACIÓN GENERAL
campo de control de longitud fija 991125s1886 fr a r 000 0 spa d
035 ## - NÚMERO DE CONTROL DEL SISTEMA
Número de control de sistema UPN01000041514
040 ## - FUENTE DE LA CATALOGACIÓN
Centro catalogador/agencia de origen MX-MxUPN
Lengua de catalogación spa
Centro/agencia transcriptor MX-MxUPN
041 0# - CÓDIGO DE IDIOMA
Código de lengua del texto/banda sonora o título independiente spa
050 14 - SIGNATURA TOPOGRÁFICA DE LA BIBLIOTECA DEL CONGRESO
Número de clasificación Q839
Número de documento/Ítem F6.6
100 1# - ASIENTO PRINCIPAL--NOMBRE PERSONAL
Nombre de persona Foster, M.
9 (RLIN) 52270
245 10 - MENCIÓN DE TÍTULO
Título Nociones de fisiología
260 ## - PUBLICACIÓN, DISTRIBUCIÓN, ETC.
Lugar de publicación, distribución, etc. París :
Nombre del editor, distribuidor, etc. Librería de Garnier Hermanos,
Fecha de publicación, distribución, etc. 1886
300 ## - DESCRIPCIÓN FÍSICA
Extensión 159 páginas :
Otras características físicas ilustraciones
490 0# - MENCIÓN DE SERIE
Mención de serie Cartillas científicas
650 #4 - ASIENTO SECUNDARIO DE MATERIA - TERMINO TEMATICO
Término de materia o nombre geográfico como elemento de entrada Fisiología
Subdivisión general Estudio y enseñanza
9 (RLIN) 20838
650 #4 - ASIENTO SECUNDARIO DE MATERIA - TERMINO TEMATICO
Término de materia o nombre geográfico como elemento de entrada Fisiología
Subdivisión de forma Libros de texto
9 (RLIN) 51470
904 ## - ELEMENTOS DE DATOS D LOCAL, LDD (RLIN)
a AC
b 041516
942 ## - ELEMENTOS DE PUNTO DE ACCESO ADICIONAL (KOHA)
Fuente del sistema de clasificación o colocación Library of Congress Classification
Tipo de ítem Koha Libro
Holdings
Estado de retiro Estado de pérdida Fuente del sistema de clasificación o colocación Estado dañado No para préstamo Código de colección Localización permanente Ubicación/localización actual Ubicación en estantería Fecha de adquisición Clasificación Código de barras Fecha visto por última vez Tipo de ítem Koha
    Library of Congress Classification   Disponible (Préstamo en sala) Libros de texto Bib. Gregorio Torres Quintero Bib. Gregorio Torres Quintero Colecciones especiales Planta alta 13/09/2022 Q839 F6.6 121910 31/12/2020 Libro